Statistics for How Well Do You Know Got7?

Click here to take the quiz!

General Stats

  • This quiz has been taken 307 times
  • The average score is 12 of 15

Answer Stats

HintAnswer% Correct
How many tattoos Yugyeom has?2
100%
Which member is from China?Jackson
91%
Who in GOT7 was a former member of the Fencing National Team of Hong Kong?Jackson
91%
Who is GOT7's leader?JB
91%
Which member is from Thailand?BamBam
90%
Who is GOT7's oldest member?Mark
90%
Who is GOT7's maknae?Yugyeom
89%
Which member acted in the drama "My Love Eun Dong" in 2015?Jinyoung
87%
Which member hates eating cucumbers?Youngjae
86%
Who used to be JB's dorm partner?Youngjae
86%
What was GOT7's debut song?Girls Girls Girls
85%
The following lyrics are part of which song?"Every day,every night Feel like a fool,you gotta know"If You Do
75%
Where Mark was born?LA
63%
Which GOT7 members were part of the JJProject?JB & Jinyoung
52%
In which year did GOT7 debut?16 January 2014
5%

Score Distribution

Percentile by Number Answered

Percent of People with Each Score

Your Score History

You have not taken this quiz